[Event "?"]
[Site "?"]
[Date "????.??.??"]
[Round "?"]
[White "Koksch, G."]
[Black "Rühle, H."]
[Result "1-0"]
[WhiteElo "2104"]
[BlackElo "1639"]
[PlyCount "72"]
[EventDate "2010.??.??"]
[WhiteTeam "Stiftg BSW/DBAG 2"]
[BlackTeam "Senioren Dresden 1"]

1. d4 Nf6 2. Nc3 g6 3. e4 d6 4. Bg5 Bg7 5. e5 Nfd7 6. exd6 cxd6 7. Qd2 O-O 8.
Nf3 Re8 9. h4 Nf6 10. O-O-O Bf5 11. Bb5 Nbd7 12. h5 a6 13. Bxd7 Qxd7 14. hxg6
fxg6 15. Rde1 b5 16. Bxf6 exf6 17. Nh4 Be6 18. d5 Bf7 19. Nf3 Rec8 20. Rh4 g5
21. Rh2 Rc5 22. Nd4 Bg6 23. Ne6 Rc4 24. b3 Rcc8 25. f3 f5 26. Nd1 Be5 27. f4
gxf4 28. Nxf4 Qc7 29. g4 Qc5 30. Nxg6 hxg6 31. Qg5 Qd4 32. Qxg6+ Bg7 33. Qe6+
Kf8 34. Qxd6+ Kg8 35. Qe6+ Kf8 36. Qxf5+ Kg8 1-0

[Event "?"]
[Site "?"]
[Date "????.??.??"]
[Round "?"]
[White "Frenzel, L."]
[Black "Neubert, G."]
[Result "0-1"]
[WhiteElo "1821"]
[BlackElo "1997"]
[PlyCount "102"]
[EventDate "2010.??.??"]
[WhiteTeam "Senioren Dresden 1"]
[BlackTeam "Stiftg BSW/DBAG 2"]

1. d4 d5 2. Nf3 c6 3. e3 e6 4. c4 f5 5. cxd5 exd5 6. Nc3 Nf6 7. g3 Bd6 8. Bg2
O-O 9. O-O Qe7 10. a3 Ne4 11. Qc2 Nd7 12. Ne2 Ndf6 13. h3 Bd7 14. b4 a5 15.
bxa5 Rxa5 16. a4 Rfa8 17. Qb3 b5 18. Nc3 Nxc3 19. Qxc3 Ne4 20. Qc2 Rxa4 21.
Rxa4 Rxa4 22. Nd2 Nxd2 23. Bxd2 Qd8 24. Rb1 Qa8 25. Qd1 Ra2 26. Qe1 Qa4 27. Bb4
Bxb4 28. Qxb4 Qxb4 29. Rxb4 Kf7 30. Bf1 Ke7 31. Kg2 Kd6 32. Kf3 g5 33. g4 fxg4+
34. hxg4 Ra3 35. Rb2 Be8 36. Be2 Bg6 37. Bd1 h5 38. Kg2 h4 39. Kh3 Be4 40. Bc2
Bf3 41. Bb1 Ra1 42. Rb3 Kc7 43. Rb4 Kb6 44. Rb2 Ka5 45. Ra2+ Rxa2 46. Bxa2 Kb4
47. Bb1 Be4 48. Bxe4 dxe4 49. Kg2 Kc4 50. f4 exf3+ 51. Kxf3 b4 0-1

[Event "?"]
[Site "?"]
[Date "????.??.??"]
[Round "?"]
[White "Gabrielsen, O."]
[Black "Kendall, P."]
[Result "0-1"]
[WhiteElo "1788"]
[BlackElo "2069"]
[PlyCount "46"]
[EventDate "2010.??.??"]
[WhiteTeam "Trondergutan"]
[BlackTeam "England 2"]

1. e4 c5 2. Nf3 g6 3. d4 cxd4 4. Nxd4 Nc6 5. Nc3 Bg7 6. Be3 Nf6 7. Be2 O-O 8.
f4 d6 9. Qd2 Bd7 10. h3 a6 11. g4 b5 12. Bf3 b4 13. Nce2 e5 14. Nb3 Re8 15. f5
Nd4 16. Nbxd4 exd4 17. Bg5 Bb5 18. O-O-O Qa5 19. Nxd4 Qxa2 20. Qxb4 Nxe4 21.
Bxe4 Rxe4 22. f6 Bf8 23. Qb3 Qa1+ 0-1

[Event "?"]
[Site "?"]
[Date "????.??.??"]
[Round "?"]
[White "Wilson, P."]
[Black "Haugvik, B."]
[Result "1/2-1/2"]
[WhiteElo "1995"]
[BlackElo "1752"]
[PlyCount "56"]
[EventDate "2010.??.??"]
[WhiteTeam "England 2"]
[BlackTeam "Trondergutan"]

1. e4 e5 2. f4 d5 3. Nf3 dxe4 4. Nxe5 Bd6 5. d4 exd3 6. Nxd3 Nf6 7. Qe2+ Qe7 8.
Qxe7+ Bxe7 9. Be2 O-O 10. O-O Nc6 11. c3 Re8 12. Bf3 Nd8 13. Nd2 c6 14. Nb3 Bf5
15. Nf2 h6 16. Bd2 Ne6 17. Rad1 Nc7 18. Rfe1 Rad8 19. Bc1 Rxd1 20. Rxd1 Bc2 21.
Re1 Bxb3 22. axb3 Bc5 23. Rxe8+ Ncxe8 24. Kf1 Nd6 25. Nd3 Bb6 26. Ke2 Kf8 27.
Be3 Bxe3 28. Kxe3 Nf5+ 1/2-1/2

[Event "?"]
[Site "?"]
[Date "????.??.??"]
[Round "?"]
[White "Lovaas, T."]
[Black "Pemberton, C."]
[Result "0-1"]
[WhiteElo "1394"]
[BlackElo "1897"]
[PlyCount "55"]
[EventDate "2010.??.??"]
[WhiteTeam "Trondergutan"]
[BlackTeam "England 2"]

1. f4 d5 2. b3 Nf6 3. Nf3 e6 4. e3 c5 5. Bb2 Be7 6. Nc3 O-O 7. Bd3 Nc6 8. a3 b6
9. O-O Bb7 10. Qe1 Rc8 11. Qg3 Na5 12. Ne2 h6 13. Nc1 c4 14. Be2 cxb3 15. cxb3
Nh5 16. Qh3 Nf6 17. f5 exf5 18. Qxf5 Qd7 19. Qd3 Nc6 20. Nh4 Qe6 21. Nf5 Bd8
22. Rf3 Ne5 23. Bxe5 Qxe5 24. Rg3 Qxa1 25. Nxh6+ Kh8 26. Nxf7+ Rxf7 27. Qg6
Rxc1+ 28. Kf2 0-1

[Event "?"]
[Site "?"]
[Date "????.??.??"]
[Round "?"]
[White "Scowen, R."]
[Black "Johansen, B."]
[Result "1-0"]
[WhiteElo "1990"]
[BlackElo "1630"]
[PlyCount "93"]
[EventDate "2010.??.??"]
[WhiteTeam "England 2"]
[BlackTeam "Trondergutan"]

1. e4 e5 2. Nf3 Nc6 3. Bb5 d6 4. d4 Bd7 5. d5 Nb8 6. Bd3 Bg4 7. h3 Bh5 8. Nbd2
Nd7 9. c4 Nc5 10. Bc2 Nf6 11. b4 Ncd7 12. Nf1 c5 13. dxc6 bxc6 14. Ng3 Bg6 15.
Bg5 Be7 16. Nf5 Bxf5 17. exf5 h6 18. Bd2 O-O 19. O-O Qc7 20. Re1 Rad8 21. Bc3
Rfe8 22. Qd2 Bf8 23. Rad1 Nb6 24. Bb3 Qc8 25. Qc2 Qb7 26. Nh2 Nc8 27. Ng4 Nxg4
28. hxg4 Be7 29. g3 Bf6 30. Qd2 Qe7 31. Re4 Qb7 32. f4 c5 33. Rde1 cxb4 34.
Bxb4 Qb6+ 35. Kh2 Qc6 36. g5 hxg5 37. fxg5 Qb6 38. gxf6 Kf8 39. fxg7+ Ke7 40.
Ba5 Qc6 41. Bxd8+ Kxd8 42. Qd5 Qxd5 43. cxd5 Ne7 44. f6 Nc8 45. Ba4 Rg8 46. Rh4
Nb6 47. Rh8 1-0

[Event "?"]
[Site "?"]
[Date "????.??.??"]
[Round "?"]
[White "Kristiansen, E."]
[Black "Perk, E."]
[Result "1-0"]
[WhiteElo "2208"]
[BlackElo "2051"]
[PlyCount "81"]
[EventDate "2010.??.??"]
[WhiteTeam "Arctic Team"]
[BlackTeam "Widukind 2"]

1. d4 Nf6 2. c4 d6 3. Nc3 Nbd7 4. Nf3 e5 5. g3 c6 6. e4 Be7 7. Bg2 O-O 8. O-O
Re8 9. h3 Bf8 10. d5 cxd5 11. cxd5 a6 12. Ne1 g6 13. Nd3 Bg7 14. Kh2 h6 15. f4
Nh7 16. fxe5 Nxe5 17. Nxe5 Rxe5 18. Bf4 Re7 19. Qd2 g5 20. Be3 Bd7 21. Rf2 f6
22. Bd4 Rf7 23. Bf3 Qe7 24. Bh5 Rff8 25. Raf1 Rac8 26. Bg6 b5 27. a3 Rc7 28.
Qd3 Be8 29. Bf5 Bh8 30. Nd1 Bd7 31. Bxh7+ Qxh7 32. Bxf6 Bxf6 33. Rxf6 Rcc8 34.
Nc3 Qg7 35. e5 Rxf6 36. exf6 Qf7 37. Ne4 Rc4 38. Nxd6 Qh5 39. f7+ Kf8 40. Nxc4
bxc4 41. Qc3 1-0

[Event "?"]
[Site "?"]
[Date "????.??.??"]
[Round "?"]
[White "Goerden, H."]
[Black "Svenske, J."]
[Result "1/2-1/2"]
[WhiteElo "1835"]
[BlackElo "1844"]
[PlyCount "83"]
[EventDate "2010.??.??"]
[WhiteTeam "Widukind 2"]
[BlackTeam "Arctic Team"]

1. e4 d6 2. d4 Nf6 3. Nc3 g6 4. f3 Bg7 5. Be3 O-O 6. Qd2 c6 7. Bc4 b5 8. Bb3
Bb7 9. Nge2 a5 10. a3 Nbd7 11. O-O Ba6 12. Rfd1 Nb6 13. Bf2 Nc4 14. Bxc4 bxc4
15. Rab1 Rb8 16. b3 cxb3 17. cxb3 Qc7 18. Rdc1 e6 19. b4 axb4 20. axb4 Qd7 21.
Rc2 Ne8 22. f4 f5 23. e5 dxe5 24. dxe5 Rf7 25. Nd4 Bf8 26. b5 cxb5 27. Ndxb5
Bxb5 28. Qxd7 Rxd7 29. Rcb2 Nc7 30. Ba7 Rb7 31. Be3 Rd3 32. Nxb5 Rxe3 33. Nd6
Rxb2 34. Rxb2 Nd5 35. g3 Rd3 36. Rb8 Kg7 37. Rb7+ Be7 38. Nc8 Kf8 39. Nd6 Rd1+
40. Kf2 Rc1 41. Rb8+ Kg7 42. Rb2 1/2-1/2

[Event "?"]
[Site "?"]
[Date "????.??.??"]
[Round "?"]
[White "Olsen, B."]
[Black "Kluger, H."]
[Result "0-1"]
[WhiteElo "1694"]
[BlackElo "1960"]
[PlyCount "80"]
[EventDate "2010.??.??"]
[WhiteTeam "Arctic Team"]
[BlackTeam "Widukind 2"]

1. b4 e5 2. Bb2 d6 3. e3 Bf5 4. Be2 Nf6 5. a3 Nbd7 6. h3 Be7 7. Nf3 h6 8. d3 e4
9. Nh2 O-O 10. d4 d5 11. Nf1 a5 12. b5 a4 13. Ng3 Be6 14. Nd2 c6 15. bxc6 bxc6
16. O-O Qc7 17. Re1 Bd6 18. Ndf1 Nh7 19. Bc1 f5 20. Nh5 Bf7 21. Nf4 g5 22. Nh5
Kh8 23. Nhg3 Be6 24. Nh1 Rf6 25. Nd2 f4 26. Bg4 fxe3 27. Rxe3 Bh2+ 28. Kf1 Bf4
29. Re2 Bxg4 30. hxg4 Raf8 31. Kg1 Bh2+ 32. Kf1 Nb6 33. c3 Bf4 34. Ra2 Bxd2 35.
Bxd2 Qh2 36. Ng3 Qxg3 37. Be3 Qh2 38. Ke1 Nc4 39. Rec2 Qg1+ 40. Ke2 Rxf2+ 0-1

[Event "?"]
[Site "?"]
[Date "????.??.??"]
[Round "?"]
[White "Hentzschel, E."]
[Black "Esbensen, H."]
[Result "1-0"]
[WhiteElo "1947"]
[BlackElo "1445"]
[PlyCount "79"]
[EventDate "2010.??.??"]
[WhiteTeam "Widukind 2"]
[BlackTeam "Arctic Team"]

1. e4 c5 2. f4 d6 3. Nc3 Nc6 4. Nf3 g6 5. Bc4 Bg7 6. Ng5 e6 7. O-O Nh6 8. d3
O-O 9. Ne2 d5 10. Bb3 b5 11. c3 Qb6 12. Bc2 Ng4 13. h3 Nh6 14. Be3 f6 15. Nf3
Bb7 16. b4 d4 17. bxc5 Qxc5 18. Nfxd4 Nxd4 19. Bxd4 Qc6 20. Bb3 Kh8 21. Ng3
Rad8 22. Qe2 a5 23. Rac1 a4 24. Bd1 e5 25. Be3 Qd6 26. d4 exd4 27. cxd4 b4 28.
Bxa4 Rc8 29. Bb3 Rc3 30. Rxc3 bxc3 31. Rc1 Rc8 32. Qd3 Ba6 33. Qd1 g5 34. e5
fxe5 35. fxe5 Qe7 36. Ne4 g4 37. h4 Qxh4 38. Be6 c2 39. Rxc2 Rxc2 40. Bf5 1-0

[Event "?"]
[Site "?"]
[Date "????.??.??"]
[Round "?"]
[White "Micheel, P."]
[Black "Stavenhagen, J."]
[Result "1/2-1/2"]
[WhiteElo "1943"]
[BlackElo "2011"]
[PlyCount "80"]
[EventDate "2010.??.??"]
[WhiteTeam "Senioren Dresden 2"]
[BlackTeam "Saxone/1911-BSW"]

1. e4 c5 2. Nf3 d6 3. d4 cxd4 4. Nxd4 Nf6 5. Bd3 g6 6. O-O Bg7 7. c3 O-O 8. Nd2
Bg4 9. Qb3 Qc8 10. f3 Bd7 11. Rf2 a5 12. a4 Na6 13. Bb5 Nc5 14. Qc4 e5 15. Bxd7
Qxd7 16. Nb5 Rac8 17. Qe2 d5 18. b4 axb4 19. cxb4 Nxa4 20. Nb3 Nc3 21. Nxc3
Rxc3 22. Nc5 Qc6 23. Bb2 Rxc5 24. bxc5 Qxc5 25. Rc1 Qe7 26. exd5 Nxd5 27. Qc4
Nf4 28. Rfc2 Qg5 29. Qe4 b6 30. Rd1 h5 31. Bc1 h4 32. Kh1 Kh7 33. Bxf4 exf4 34.
Qd5 Qe7 35. Qd6 Qe3 36. Qd3 Re8 37. h3 Qxd3 38. Rxd3 Re1+ 39. Kh2 Bf8 40. Rcc3
Bc5 1/2-1/2

[Event "?"]
[Site "?"]
[Date "????.??.??"]
[Round "?"]
[White "Alter, H."]
[Black "Dötzel, H."]
[Result "1/2-1/2"]
[WhiteElo "1882"]
[BlackElo "1845"]
[PlyCount "41"]
[EventDate "2010.??.??"]
[WhiteTeam "Saxone/1911-BSW"]
[BlackTeam "Senioren Dresden 2"]

1. e4 e5 2. Nf3 Nc6 3. d4 exd4 4. Nxd4 Bc5 5. Be3 Qf6 6. c3 Nge7 7. Bc4 Bb6 8.
O-O d6 9. f4 O-O 10. Qd2 Be6 11. Na3 Nxd4 12. cxd4 Bxc4 13. Nxc4 d5 14. e5 Qf5
15. Nxb6 axb6 16. a3 h5 17. Rac1 Nc6 18. Qc2 Qxc2 19. Rxc2 Rfc8 20. f5 Ra4 21.
Rf4 1/2-1/2

[Event "?"]
[Site "?"]
[Date "????.??.??"]
[Round "?"]
[White "Waldmann, D."]
[Black "Morgner, S."]
[Result "0-1"]
[WhiteElo "1557"]
[BlackElo "1870"]
[PlyCount "42"]
[EventDate "2010.??.??"]
[WhiteTeam "Senioren Dresden 2"]
[BlackTeam "Saxone/1911-BSW"]

1. e4 c5 2. Nf3 Nc6 3. d4 cxd4 4. Nxd4 g6 5. f4 Bg7 6. e5 d6 7. Nxc6 bxc6 8.
exd6 exd6 9. Bd3 Qb6 10. Na3 d5 11. c3 Ne7 12. Qe2 Qc7 13. Be3 O-O 14. O-O Bf5
15. Rab1 Rfe8 16. Qd2 Rad8 17. Nc2 c5 18. Ne1 d4 19. cxd4 cxd4 20. Bf2 Bh6 21.
g3 Bh3 0-1

[Event "?"]
[Site "?"]
[Date "????.??.??"]
[Round "?"]
[White "Zanger, K."]
[Black "Höppner, K."]
[Result "0-1"]
[WhiteElo "1811"]
[BlackElo "1643"]
[PlyCount "39"]
[EventDate "2010.??.??"]
[WhiteTeam "Saxone/1911-BSW"]
[BlackTeam "Senioren Dresden 2"]

1. d4 d6 2. Nf3 g6 3. g3 b6 4. Bg2 Bb7 5. c4 Bg7 6. O-O Nf6 7. Nc3 O-O 8. Re1
Nbd7 9. Qc2 Re8 10. b3 a5 11. Bb2 e5 12. d5 Nc5 13. Nd2 Qd7 14. Ba3 Rad8 15.
Bxc5 dxc5 16. Rad1 Qe7 17. f3 c6 18. e4 b5 19. Kh1 b4 20. Na4 0-1

[Event "?"]
[Site "?"]
[Date "????.??.??"]
[Round "?"]
[White "Hauswald, G."]
[Black "Flockhart, H."]
[Result "1-0"]
[WhiteElo "1820"]
[BlackElo "1871"]
[PlyCount "66"]
[EventDate "2010.??.??"]
[WhiteTeam "Heidenau"]
[BlackTeam "Schottland 2"]

1. d4 Nf6 2. c4 c5 3. d5 b5 4. e3 bxc4 5. Bxc4 g6 6. b3 d6 7. Nf3 Bg7 8. Bb2
O-O 9. Nbd2 Nbd7 10. e4 Nb6 11. Be2 a5 12. O-O a4 13. Qc1 axb3 14. axb3 Bd7 15.
Re1 Qb8 16. h3 Qb7 17. Qc2 Rfb8 18. Bc3 e6 19. dxe6 Bxe6 20. Rxa8 Rxa8 21. Qb2
Ne8 22. Bxg7 Nxg7 23. Ng5 Qe7 24. Nxe6 Nxe6 25. b4 Nd4 26. Bd3 Qe5 27. Qb1 Na4
28. bxc5 Nxc5 29. Bc4 Nde6 30. Bd5 Qd4 31. Nf3 Qa4 32. Bxa8 Qxa8 33. Qb6 Qa2
1-0

[Event "?"]
[Site "?"]
[Date "????.??.??"]
[Round "?"]
[White "Murphy, G."]
[Black "Mann, D."]
[Result "1-0"]
[WhiteElo "1685"]
[BlackElo "1740"]
[PlyCount "43"]
[EventDate "2010.??.??"]
[WhiteTeam "Schottland 2"]
[BlackTeam "Heidenau"]

1. Nf3 Nf6 2. c4 e6 3. g3 b6 4. Bg2 Bb7 5. O-O Be7 6. Nc3 O-O 7. d3 d6 8. Qc2
Nbd7 9. Rb1 a5 10. a3 c5 11. Rd1 Rb8 12. Bd2 Re8 13. b4 d5 14. bxa5 d4 15. Nb5
bxa5 16. Bf4 Bxf3 17. Bxf3 e5 18. Bd2 Nb6 19. a4 Qd7 20. Bxa5 Bd8 21. Bd2 Qf5
22. Nd6 1-0

[Event "?"]
[Site "?"]
[Date "????.??.??"]
[Round "?"]
[White "Lauterbach, E."]
[Black "Macgilchrist, S."]
[Result "1-0"]
[WhiteElo "1715"]
[BlackElo "1817"]
[PlyCount "156"]
[EventDate "2010.??.??"]
[WhiteTeam "Heidenau"]
[BlackTeam "Schottland 2"]

1. d4 Nf6 2. c4 e6 3. Nc3 Bb4 4. e3 b6 5. Nf3 Bb7 6. a3 Bxc3+ 7. bxc3 O-O 8.
Be2 d6 9. O-O Nc6 10. Qc2 Na5 11. Nd2 Qd7 12. a4 Rad8 13. f3 Ba6 14. e4 e5 15.
d5 Nh5 16. Rf2 Nf4 17. Bf1 Bc8 18. Nb3 Nb7 19. Bxf4 exf4 20. Nd4 Na5 21. Nb3
Nxb3 22. Qxb3 Qe7 23. a5 f5 24. axb6 axb6 25. Re1 fxe4 26. Rxe4 Qg5 27. Rfe2
Bf5 28. Re7 Rd7 29. Rxd7 Bxd7 30. Qd1 Ra8 31. Qe1 h6 32. Re7 Qf5 33. Qe4 Qxe4
34. Rxe4 g5 35. Re7 Bf5 36. g4 fxg3 37. hxg3 Ra7 38. g4 Bg6 39. Kf2 Kf8 40. Re6
Kg7 41. Re3 Ra1 42. Bd3 Ra2+ 43. Kg3 Bxd3 44. Rxd3 Re2 45. Rd1 Re3 46. Rc1 Kf6
47. Kf2 Re8 48. Rd1 Re5 49. Rd2 Re7 50. Rd1 Kf7 51. Rd2 Ke8 52. Ra2 Kd7 53. Ra7
Rf7 54. Ra4 Rf4 55. Rb4 Ke7 56. Ra4 Kf6 57. Ke3 Ke5 58. Rb4 b5 59. Rxb5 Rxc4
60. Kd3 Rf4 61. Ke3 Ra4 62. Kd3 Kf4 63. Rb7 Kxf3 64. Rxc7 Kxg4 65. Rc6 h5 66.
Rxd6 Kf5 67. c4 g4 68. c5 g3 69. c6 Ke5 70. c7 Rd4+ 71. Ke3 Rc4 72. Rc6 g2 73.
Kf2 Rg4 74. Kg1 Rg8 75. c8=Q Rxc8 76. Rxc8 Kxd5 77. Kxg2 Ke5 78. Rg8 Kf5 1-0

[Event "?"]
[Site "?"]
[Date "????.??.??"]
[Round "?"]
[White "Macrae, J."]
[Black "Weiß, H."]
[Result "1-0"]
[WhiteElo "1753"]
[BlackElo "1642"]
[PlyCount "83"]
[EventDate "2010.??.??"]
[WhiteTeam "Schottland 2"]
[BlackTeam "Heidenau"]

1. d4 d5 2. Nf3 Bf5 3. Bg5 Nf6 4. e3 c6 5. Bd3 Ne4 6. Bf4 e6 7. O-O Be7 8. Nbd2
O-O 9. Qe2 Nd7 10. c4 c5 11. Rac1 b6 12. Rfd1 Rc8 13. Bb1 Bg5 14. Nxg5 Nxg5 15.
Bxf5 exf5 16. Qh5 h6 17. Bxg5 hxg5 18. cxd5 Re8 19. Nf3 f6 20. Qg6 Re4 21. Qxf5
Qe8 22. d6 Re6 23. Qd5 Kf7 24. dxc5 bxc5 25. a3 Kg6 26. Rc3 Rd8 27. Rcd3 Re4
28. Nd2 Re5 29. Qa2 f5 30. Nc4 Re6 31. Qb1 Kh6 32. Rd5 g6 33. Qc1 Qf7 34. Na5
Rc8 35. b4 Qf8 36. bxc5 Nxc5 37. Rxc5 Rxd6 38. Rxd6 Rxc5 39. Qxc5 Qb8 40. Qb4
Qc7 41. Rc6 Qe5 42. Qc3 1-0

[Event "?"]
[Site "?"]
[Date "????.??.??"]
[Round "?"]
[White "Clemens, C."]
[Black "Thormann, W."]
[Result "1/2-1/2"]
[WhiteElo "2314"]
[BlackElo "2273"]
[PlyCount "20"]
[EventDate "2010.??.??"]
[WhiteTeam "Deutschland"]
[BlackTeam "Berlin"]
[WhiteTeamCountry "GER"]

1. g3 c5 2. Bg2 g6 3. c4 Bg7 4. Nc3 Nc6 5. a3 a6 6. Rb1 Nf6 7. b4 cxb4 8. axb4
O-O 9. d4 Ne8 10. Nf3 d6 1/2-1/2

[Event "?"]
[Site "?"]
[Date "????.??.??"]
[Round "?"]
[White "Opl, K."]
[Black "Westerinen, H."]
[Result "1/2-1/2"]
[WhiteElo "2360"]
[BlackElo "2333"]
[PlyCount "65"]
[EventDate "2010.??.??"]
[WhiteTeam "Wien 1"]
[BlackTeam "Finnland"]
[BlackTeamCountry "FIN"]

1. e4 e6 2. d4 d5 3. Nd2 c5 4. Ngf3 Nf6 5. e5 Nfd7 6. c3 Nc6 7. Bd3 Qb6 8. O-O
cxd4 9. cxd4 Nxd4 10. Nxd4 Qxd4 11. Nf3 Qb6 12. Qa4 Qb4 13. Qc2 Qc5 14. Qe2 Be7
15. Be3 Qa5 16. Qc2 h6 17. a3 Qd8 18. Rac1 Nb6 19. Qd2 Bd7 20. Nd4 Rc8 21. Rxc8
Qxc8 22. b3 Qb8 23. Nb5 Qxe5 24. Bd4 Qh5 25. Nxa7 Na8 26. f4 O-O 27. Rf3 f5 28.
a4 Qe8 29. Nb5 Qd8 30. h3 Bf6 31. Bc5 Be7 32. Bd4 Bf6 33. Bc5 1/2-1/2

[Event "?"]
[Site "?"]
[Date "????.??.??"]
[Round "?"]
[White "Hurme, H."]
[Black "Titz, H."]
[Result "1/2-1/2"]
[WhiteElo "2343"]
[BlackElo "2248"]
[PlyCount "119"]
[EventDate "2010.??.??"]
[WhiteTeam "Finnland"]
[BlackTeam "Wien 1"]
[WhiteTeamCountry "FIN"]

1. d4 Nf6 2. c4 e6 3. Nc3 Bb4 4. e3 c5 5. Nge2 cxd4 6. exd4 O-O 7. Be3 b6 8. a3
Be7 9. Nf4 Bb7 10. d5 exd5 11. cxd5 Bc5 12. Bd3 Bxe3 13. fxe3 d6 14. O-O Nbd7
15. Nh5 Qe7 16. Nxf6+ Nxf6 17. Qf3 Qe5 18. Rad1 Bc8 19. Qf4 Ng4 20. Rf3 Qxf4
21. exf4 Bb7 22. Bb5 Nf6 23. Re3 Rfc8 24. Re7 Rab8 25. h3 Kf8 26. Rxb7 Rxb7 27.
Ba6 Rxc3 28. bxc3 Rc7 29. c4 Ne4 30. Bb5 Nc3 31. Rd3 Ne2+ 32. Kf2 Nxf4 33. Re3
Re7 34. Rb3 Ng6 35. a4 Ne5 36. a5 Rc7 37. axb6 axb6 38. Ra3 Rc8 39. Ra6 Rb8 40.
Ke3 g6 41. Kd4 Kg7 42. Bc6 Kf6 43. Kc3 h5 44. Kb4 Nd3+ 45. Kb5 Nf4 46. Rxb6
Rxb6+ 47. Kxb6 Nxg2 48. Kc7 Ne3 49. c5 Nxd5+ 50. Bxd5 dxc5 51. Kd6 g5 52. Kxc5
Kg6 53. Kd4 f5 54. Ke5 g4 55. h4 f4 56. Kxf4 Kf6 57. Be4 Kg7 58. Kg5 g3 59.
Kxh5 g2 60. Bxg2 1/2-1/2

[Event "?"]
[Site "?"]
[Date "????.??.??"]
[Round "?"]
[White "Dueckstein, A."]
[Black "Havansi, E."]
[Result "1/2-1/2"]
[WhiteElo "2227"]
[BlackElo "2240"]
[PlyCount "35"]
[EventDate "2010.??.??"]
[WhiteTeam "Wien 1"]
[BlackTeam "Finnland"]
[BlackTeamCountry "FIN"]

1. e4 c5 2. Nf3 e6 3. c3 Nf6 4. e5 Nd5 5. d4 cxd4 6. cxd4 b6 7. Bd3 Bb7 8. Nc3
Be7 9. O-O O-O 10. Qe2 Nxc3 11. bxc3 d6 12. Ba3 dxe5 13. Bxe7 Qxe7 14. Nxe5 Nd7
15. f4 Rad8 16. Qc2 g6 17. Rae1 Qd6 18. Re3 1/2-1/2

[Event "?"]
[Site "?"]
[Date "????.??.??"]
[Round "?"]
[White "Saren, I."]
[Black "Strobel, F."]
[Result "1/2-1/2"]
[WhiteElo "2207"]
[BlackElo "2148"]
[PlyCount "30"]
[EventDate "2010.??.??"]
[WhiteTeam "Finnland"]
[BlackTeam "Wien 1"]
[WhiteTeamCountry "FIN"]

1. e4 d6 2. d4 Nf6 3. Nc3 g6 4. Nf3 Bg7 5. Be2 O-O 6. O-O Bg4 7. Be3 c6 8. a4
Bxf3 9. Bxf3 a5 10. Qd2 Nbd7 11. h3 Qc7 12. Be2 e5 13. dxe5 dxe5 14. Rfd1 Rfd8
15. Qe1 Bf8 1/2-1/2

[Event "?"]
[Site "?"]
[Date "????.??.??"]
[Round "?"]
[White "Bonner, G."]
[Black "Jorgensen, J."]
[Result "1/2-1/2"]
[WhiteElo "2179"]
[BlackElo "2340"]
[PlyCount "23"]
[EventDate "2010.??.??"]
[WhiteTeam "Schottland 1"]
[BlackTeam "Dänemark 1"]

1. d4 d5 2. Nf3 Nc6 3. e3 Bg4 4. Nbd2 e6 5. Be2 Nf6 6. O-O Be7 7. b3 O-O 8. Bb2
Nb8 9. Ne5 Bxe2 10. Qxe2 Nbd7 11. f4 c6 12. Rac1 1/2-1/2

[Event "?"]
[Site "?"]
[Date "????.??.??"]
[Round "?"]
[White "Borwell, A."]
[Black "Nielsen, P."]
[Result "1-0"]
[WhiteElo "2018"]
[BlackElo "2114"]
[PlyCount "115"]
[EventDate "2010.??.??"]
[WhiteTeam "Schottland 1"]
[BlackTeam "Dänemark 1"]

1. e4 c5 2. Nf3 e6 3. Nc3 Nc6 4. Be2 Nf6 5. O-O d5 6. exd5 Nxd5 7. Nxd5 Qxd5 8.
b3 Nd4 9. Bb2 Be7 10. c3 Nxf3+ 11. Bxf3 Qd6 12. Qe2 O-O 13. Rfd1 Bf6 14. d4
cxd4 15. cxd4 Rb8 16. a4 Bd7 17. Ba3 Qb6 18. Bc5 Qxb3 19. Ra3 Qxa3 20. Bxa3
Bxa4 21. Bxf8 Bxd1 22. Qxd1 Kxf8 23. Qa4 Rd8 24. Qxa7 Rxd4 25. g3 Rd8 26. Qxb7
Kg8 27. Qc7 Kf8 28. Kg2 Rd2 29. Qb8+ Rd8 30. Qb1 Kg8 31. h4 Rf8 32. h5 g6 33.
g4 Kg7 34. Qe4 g5 35. Be2 h6 36. Bd3 Rh8 37. Qb7 Rf8 38. Bc4 Re8 39. Kf3 Kg8
40. Bd3 Kg7 41. Bb5 Rf8 42. Bd7 Kg8 43. Ke4 Kh8 44. Qc6 Bg7 45. Qd6 Kg8 46. Qe7
Kh8 47. f4 gxf4 48. Kxf4 Kg8 49. g5 hxg5+ 50. Kxg5 Kh7 51. Be8 f6+ 52. Kh4 f5
53. Bg6+ Kh8 54. Bf7 e5 55. Kg5 Kh7 56. Kxf5 Ra8 57. h6 Kxh6 58. Qh4# 1-0

[Event "?"]
[Site "?"]
[Date "????.??.??"]
[Round "?"]
[White "Walter, G."]
[Black "Wahlbom, M."]
[Result "1/2-1/2"]
[WhiteElo "2281"]
[BlackElo "2311"]
[PlyCount "33"]
[EventDate "2010.??.??"]
[WhiteTeam "Brandenburg"]
[BlackTeam "Schweden 1"]

1. e4 e6 2. d4 d5 3. Nc3 Bb4 4. e5 c5 5. Bd2 Nc6 6. Nb5 Bxd2+ 7. Qxd2 Nxd4 8.
Nxd4 cxd4 9. Nf3 Ne7 10. Qxd4 Nc6 11. Qg4 O-O 12. Bd3 f5 13. Qf4 Qe7 14. a3 Bd7
15. h4 h6 16. O-O-O Rab8 17. Nd4 1/2-1/2

[Event "?"]
[Site "?"]
[Date "????.??.??"]
[Round "?"]
[White "Skorna, U."]
[Black "Svensson, L."]
[Result "0-1"]
[WhiteElo "2101"]
[BlackElo "2263"]
[PlyCount "140"]
[EventDate "2010.??.??"]
[WhiteTeam "Brandenburg"]
[BlackTeam "Schweden 1"]

1. e4 e5 2. Nf3 Nc6 3. Bb5 a6 4. Ba4 Nf6 5. O-O b5 6. Bb3 Bc5 7. c3 d6 8. d4
Bb6 9. Re1 Bb7 10. Qd3 Qe7 11. Nbd2 Na5 12. Bc2 c5 13. d5 c4 14. Qe2 Bc8 15.
Nf1 Nb7 16. Be3 Nc5 17. a4 Rb8 18. axb5 axb5 19. N3d2 Ng4 20. h3 Nxe3 21. Nxe3
O-O 22. Reb1 Qg5 23. Kh1 g6 24. b4 Nd7 25. Nf3 Qh5 26. Ng1 Nf6 27. Qxh5 Nxh5
28. Kh2 f5 29. Rf1 fxe4 30. Ne2 Bb7 31. Bxe4 Ra8 32. Ng4 Nf4 33. Nxf4 exf4 34.
Kg1 Rae8 35. Rfe1 Kg7 36. Kf1 Ra8 37. Nh2 Rfe8 38. Bf3 Rxe1+ 39. Rxe1 Bd8 40.
Re6 Ra6 41. Re4 h5 42. g4 fxg3 43. fxg3 Bxd5 44. Re8 Ra1+ 45. Re1 Rxe1+ 46.
Kxe1 Bxf3 47. Nxf3 Bf6 48. Kd2 Kf7 49. Ne1 Ke6 50. Nc2 Kd5 51. Na3 Bg5+ 52. Ke2
Kc6 53. Kf3 d5 54. Nb1 Bf6 55. Ke3 g5 56. g4 hxg4 57. hxg4 Be5 58. Kf3 Bf4 59.
Na3 Bc1 60. Nc2 Bd2 61. Nd4+ Kb6 62. Ne2 Kb7 63. Kf2 Kc6 64. Kg2 Kd7 65. Kf2
Ke8 66. Kg2 Kf7 67. Kf2 Kf6 68. Kg2 Ke5 69. Kf3 Be1 70. Ke3 Bxc3 0-1

[Event "?"]
[Site "?"]
[Date "????.??.??"]
[Round "?"]
[White "Hallerod, R."]
[Black "Bernhöft, E."]
[Result "0-1"]
[WhiteElo "2165"]
[BlackElo "2024"]
[PlyCount "87"]
[EventDate "2010.??.??"]
[WhiteTeam "Schweden 1"]
[BlackTeam "Brandenburg"]

1. b4 e5 2. Bb2 Bd6 3. g3 Qe7 4. a3 c6 5. c4 Nf6 6. Bg2 Bc7 7. e4 O-O 8. Ne2 d6
9. O-O Bg4 10. f3 Be6 11. d3 Qd7 12. Nd2 Bh3 13. d4 Bxg2 14. Kxg2 a5 15. Qb3 a4
16. Qc3 Qe7 17. dxe5 dxe5 18. c5 Re8 19. Nc4 Nbd7 20. g4 h5 21. g5 Nh7 22. f4
f6 23. g6 Nhf8 24. f5 b6 25. cxb6 Bxb6 26. Nxb6 Nxb6 27. Rf3 Rac8 28. Rh3 c5
29. Qf3 Nxg6 30. fxg6 Qe6 31. Qxh5 Kf8 32. Qh8+ Qg8 33. bxc5 Rxc5 34. Bc3 Qxh8
35. Rxh8+ Ke7 36. Bb4 Rxh8 37. Bxc5+ Ke6 38. Bxb6 Rh6 39. Rb1 Rxg6+ 40. Ng3 Kd7
41. Be3 f5 42. exf5 Rc6 43. Rc1 Rd6 44. Rc2 0-1

[Event "?"]
[Site "?"]
[Date "????.??.??"]
[Round "?"]
[White "Anguera Maestro, J."]
[Black "Van Herck, M."]
[Result "1-0"]
[WhiteElo "2217"]
[BlackElo "2156"]
[PlyCount "81"]
[EventDate "2010.??.??"]
[WhiteTeam "Catalonia"]
[BlackTeam "Belgien"]
[WhiteTeamCountry "CAT"]
[BlackTeamCountry "BEL"]

1. d4 Nf6 2. c4 e6 3. Nf3 d5 4. Nc3 c5 5. e3 Nc6 6. Be2 a6 7. a3 dxc4 8. Bxc4
b5 9. Ba2 Bb7 10. O-O Bd6 11. dxc5 Bxc5 12. Qe2 O-O 13. e4 Nd4 14. Nxd4 Bxd4
15. Bg5 h6 16. Bh4 g5 17. Bg3 e5 18. Rad1 Qb6 19. h4 Kg7 20. Rfe1 Rad8 21. hxg5
hxg5 22. Qf3 Bxc3 23. Qxc3 Rxd1 24. Rxd1 Nxe4 25. Qxe5+ Qf6 26. Qxf6+ Kxf6 27.
Bc7 Ke7 28. Ba5 Rc8 29. Bb4+ Ke8 30. f3 Nf6 31. Re1+ Kd7 32. Re7+ Kc6 33. Rxf7
Ne8 34. Rf5 g4 35. fxg4 Kb6 36. g5 Rc1+ 37. Rf1 Rc2 38. Rf2 Rc1+ 39. Kh2 a5 40.
Bc3 Be4 41. Re2 1-0